000 00305nam a2200133Ia 4500
005 20251222144849.0
008 251222s9999||||xx |||||||||||||| ||spa||
020 _a84-8280-786-2
082 _a813.52/B94T
100 _aBurrougs, Edgar Rice
245 0 _aTarzán:
264 _bOveja Negra
942 _cLIB
999 _c21533
_d21533